<?xml version="1.0" encoding="UTF-8"?>
<record
    xmlns:xsi="http://www.w3.org/2001/XMLSchema-instance"
    xsi:schemaLocation="http://www.loc.gov/MARC21/slim http://www.loc.gov/standards/marcxml/schema/MARC21slim.xsd"
    xmlns="http://www.loc.gov/MARC21/slim">

  <leader>00830nam a22002537a 4500</leader>
  <controlfield tag="005">20170123162332.0</controlfield>
  <datafield tag="010" ind1=" " ind2=" ">
    <subfield code="a">A-412250</subfield>
  </datafield>
  <datafield tag="020" ind1=" " ind2=" ">
    <subfield code="c">9.00</subfield>
  </datafield>
  <datafield tag="035" ind1=" " ind2=" ">
    <subfield code="a">A-412250</subfield>
  </datafield>
  <datafield tag="037" ind1=" " ind2=" ">
    <subfield code="b">Cen Lib/Ret</subfield>
  </datafield>
  <datafield tag="040" ind1=" " ind2=" ">
    <subfield code="a">DPL</subfield>
    <subfield code="b">UR</subfield>
  </datafield>
  <datafield tag="082" ind1=" " ind2=" ">
    <subfield code="a">841</subfield>
    <subfield code="b">&#x634; &#x627; &#x6C1;</subfield>
  </datafield>
  <datafield tag="100" ind1=" " ind2=" ">
    <subfield code="a">&#x634;&#x627;&#x6C1;&#x62C;&#x6C1;&#x627;&#x6BA; &#x628;&#x627;&#x646;&#x648;&#x6CC;&#x627;&#x62F; &#x62F;&#x6C1;&#x644;&#x648;&#x6CC; </subfield>
    <subfield code="9">121983</subfield>
  </datafield>
  <datafield tag="245" ind1=" " ind2=" ">
    <subfield code="a">&#x6CC;&#x627;&#x62F; /</subfield>
    <subfield code="c">&#x634;&#x627;&#x6C1;&#x62C;&#x6C1;&#x627;&#x6BA; &#x628;&#x627;&#x646;&#x648;&#x6CC;&#x627;&#x62F; &#x62F;&#x6C1;&#x644;&#x648;&#x6CC; </subfield>
  </datafield>
  <datafield tag="246" ind1=" " ind2=" ">
    <subfield code="a">Yaad /</subfield>
    <subfield code="b">by Shahajahan Banavyaad Dehlvi</subfield>
  </datafield>
  <datafield tag="260" ind1=" " ind2=" ">
    <subfield code="a">&#x644;&#x6A9;&#x6BE;&#x646;&#x624; </subfield>
    <subfield code="b">&#x634;&#x627;&#x6C1;&#x62C;&#x6C1;&#x627;&#x6BA; &#x628;&#x627;&#x646;&#x648;&#x6CC;&#x627;&#x62F; &#x62F;&#x6C1;&#x644;&#x648;&#x6CC; </subfield>
    <subfield code="c">1989</subfield>
  </datafield>
  <datafield tag="270" ind1=" " ind2=" ">
    <subfield code="b">&#x644;&#x6A9;&#x6BE;&#x646;&#x624; </subfield>
    <subfield code="a">&#x633;&#x6C1;&#x627;&#x631;&#x648; &#x645;&#x646;&#x632;&#x644; &#x6AF;&#x648;&#x644;&#x627;&#x6AF;&#x646;&#x62C; </subfield>
  </datafield>
  <datafield tag="300" ind1=" " ind2=" ">
    <subfield code="a">200p.</subfield>
    <subfield code="c">21cm(Hb)</subfield>
  </datafield>
  <datafield tag="650" ind1=" " ind2=" ">
    <subfield code="a">&#x627;&#x62F;&#x628; - &#x627;&#x631;&#x62F;&#x648; </subfield>
    <subfield code="9">121984</subfield>
  </datafield>
  <datafield tag="650" ind1=" " ind2=" ">
    <subfield code="a"> &#x627;&#x631;&#x62F;&#x648;  &#x634;&#x627;&#x639;&#x631;&#x6CC;</subfield>
    <subfield code="9">121985</subfield>
  </datafield>
  <datafield tag="650" ind1=" " ind2=" ">
    <subfield code="a">Literature -- Urdu</subfield>
    <subfield code="9">121986</subfield>
  </datafield>
  <datafield tag="650" ind1=" " ind2=" ">
    <subfield code="a">Urdu poetry</subfield>
    <subfield code="9">121987</subfield>
  </datafield>
  <datafield tag="942" ind1=" " ind2=" ">
    <subfield code="2">ddc</subfield>
    <subfield code="c">UR</subfield>
    <subfield code="h">841</subfield>
    <subfield code="m">&#x634; &#x627; &#x6C1;</subfield>
  </datafield>
  <datafield tag="999" ind1=" " ind2=" ">
    <subfield code="c">107849</subfield>
    <subfield code="d">107849</subfield>
  </datafield>
  <datafield tag="952" ind1=" " ind2=" ">
    <subfield code="0">0</subfield>
    <subfield code="1">0</subfield>
    <subfield code="4">0</subfield>
    <subfield code="7">0</subfield>
    <subfield code="a">L</subfield>
    <subfield code="b">L</subfield>
    <subfield code="d">2016-01-12</subfield>
    <subfield code="e">Cen Lib/Ret</subfield>
    <subfield code="g">9.00</subfield>
    <subfield code="l">0</subfield>
    <subfield code="o">841 &#x634; &#x627; &#x6C1;</subfield>
    <subfield code="p">A-412250</subfield>
    <subfield code="r">2016-01-12 00:00:00</subfield>
    <subfield code="t">1</subfield>
    <subfield code="v">9.00</subfield>
    <subfield code="w">2016-01-12</subfield>
    <subfield code="y">UR</subfield>
  </datafield>
</record>
